Luật bảo hiểm y tế năm 2008 và văn bản hướng dẫn thi hành
Giới thiệu một số qui định pháp luật về đối tượng, mức đóng, trách nhiệm và phương thức đóng bảo hiểm y tế; thẻ bảo hiểm y tế; phạm vi được hưởng bảo hiểm y tế; tổ chức khám chữa bệnh cho người tham gia bảo hiểm y tế; thanh toán...
Сохранить в:
| Корпоративные авторы: | , |
|---|---|
| Формат: | |
| Язык: | Undetermined |
| Опубликовано: |
Hà Nội
Chính trị quốc gia
2010
|
| Предметы: | |
| Метки: |
Добавить метку
Нет меток, Требуется 1-ая метка записи!
|
| Thư viện lưu trữ: | Trung tâm Học liệu Trường Đại học Cần Thơ |
|---|
| LEADER | 01764nam a2200241Ia 4500 | ||
|---|---|---|---|
| 001 | CTU_159691 | ||
| 008 | 210402s9999 xx 000 0 und d | ||
| 020 | |c 19000 | ||
| 082 | |a 346.086382 | ||
| 082 | |b L504 | ||
| 110 | |a Việt Nam (Cộng hòa xã hội Chủ nghĩa) | ||
| 110 | |b Quốc hội | ||
| 245 | 0 | |a Luật bảo hiểm y tế năm 2008 và văn bản hướng dẫn thi hành | |
| 245 | 0 | |c Việt Nam (Cộng hòa xã hội Chủ nghĩa). Quốc hội | |
| 260 | |a Hà Nội | ||
| 260 | |b Chính trị quốc gia | ||
| 260 | |c 2010 | ||
| 520 | |a Giới thiệu một số qui định pháp luật về đối tượng, mức đóng, trách nhiệm và phương thức đóng bảo hiểm y tế; thẻ bảo hiểm y tế; phạm vi được hưởng bảo hiểm y tế; tổ chức khám chữa bệnh cho người tham gia bảo hiểm y tế; thanh toán chi phí khám chữa bệnh bảo hiểm y tế; quĩ bảo hiểm y tế; quyền và trách nhiệm của các bên liên quan đến bảo hiểm y tế; thanh tra, khiếu nại, tố cáo, giải quyết tranh chấp và xử lý vi phạm về bảo hiểm y tế; những qui định chung và các điều khoản thi hành trong Luật bảo hiểm y tế 2008 cùng các văn bản hướng dẫn thi hành Luật | ||
| 650 | |a Health insurance,Bảo hiểm sức khoẻ | ||
| 650 | |x Law and legislation,Luật và văn bản quy phạm pháp luật | ||
| 650 | |z Vietnam,Việt Nam | ||
| 904 | |i Trọng Hải | ||
| 980 | |a Trung tâm Học liệu Trường Đại học Cần Thơ | ||